Pokemon 3ème génération - Statistiques

Statistiques générales
  • Ce quiz a été pris 31 fois
    29 depuis la dernière actualisation
  • Le résultat moyen est 79 sur 135
Statistiques - réponses
Hint Réponse % Correct
255 Poussifeu
100%
252 Arcko
93%
257 Braségali
93%
259 Flobio
93%
258 Gobou
93%
254 Jungko
93%
260 Laggron
93%
253 Massko
93%
256 Galifeu
86%
263 Zigzaton
86%
264 Linéon
79%
261 Medhyèna
79%
334 Altaria
71%
267 Charmillon
71%
265 Chenipotte
71%
386 Deoxys
71%
371 Draby
71%
372 Drackhaus
71%
373 Drattak
71%
309 Dynavolt
71%
310 Elecsprint
71%
305 Galegon
71%
304 Galekid
71%
306 Galeking
71%
383 Groudon
71%
277 Hélédelle
71%
385 Jirachi
71%
344 Kaorine
71%
328 Kraknoix
71%
382 Kyogre
71%
330 Libégon
71%
376 Métalosse
71%
375 Métang
71%
276 Nirondelle
71%
269 Papinox
71%
384 Rayquaza
71%
333 Tylton
71%
266 Armulys
64%
343 Balbuto
64%
279 Bekipan
64%
268 Blindalys
64%
323 Camérupt
64%
322 Chamallot
64%
380 Latias
64%
381 Latios
64%
345 Lilia
64%
335 Mangriff
64%
312 Négapi
64%
362 Oniglali
64%
311 Posipi
64%
378 Regice
64%
377 Regirock
64%
379 Registeel
64%
337 Séléroc
64%
336 Séviper
64%
338 Solaroc
64%
374 Terhal
64%
346 Vacilys
64%
329 Vibraninf
64%
320 Wailmer
64%
321 Wailord
64%
349 Barpau
57%
331 Cacnea
57%
332 Cacturne
57%
282 Gardevoir
57%
278 Goélise
57%
365 Kaimorse
57%
281 Kirlia
57%
289 Monaflèmit
57%
303 Mysdibule
57%
287 Parecool
57%
274 Pifeuil
57%
367 Serpang
57%
327 Spinda
57%
361 Stalgamin
57%
280 Tarsal
57%
302 Ténéfix
57%
275 Tengalice
57%
288 Vigoroth
57%
359 Absol
50%
348 Armaldo
50%
285 Balignon
50%
354 Branette
50%
318 Carvanha
50%
286 Chapignon
50%
324 Chartor
50%
366 Coquiperl
50%
341 Ecrapince
50%
273 Grainipiot
50%
271 Lombre
50%
370 Lovdisc
50%
272 Ludicolo
50%
314 Lumivole
50%
296 Makuhita
50%
350 Milobellus
50%
313 Muciole
50%
292 Munja
50%
270 Nénupiot
50%
290 Ningale
50%
291 Ninjask
50%
364 Phogleur
50%
353 Polichombr
50%
368 Rosabyss
50%
319 Sharpedo
50%
355 Skelénox
50%
356 Téraclope
50%
357 Tropius
50%
347 Anorith
43%
283 Arakdo
43%
317 Avaltout
43%
295 Brouhabam
43%
308 Charmina
43%
293 Chuchmur
43%
342 Colhomard
43%
301 Delcatty
43%
297 Hariyama
43%
352 Kecleon
43%
307 Méditikka
43%
351 Morphéo
43%
363 Obalie
43%
294 Ramboum
43%
369 Relicanth
43%
315 Rosélia
43%
300 Skitty
43%
340 Barbicha
36%
316 Gloupti
36%
262 Grayhèna
36%
326 Groret
36%
284 Maskadra
36%
325 Spoink
36%
299 Tarinor
36%
339 Barloche
29%
358 Eoko
29%
360 Okéoké
29%
298 Azurill
21%
Aucun quiz correspondant
Distribution des résultats
% des personnes avec chaque résultat
Percentile par nombre de réponses
Votre historique - résultats
Vous n’avez pas pris ce quiz depuis la dernière actualisation